Молодежь планеты голосует за мир. К итогам XII Всемирного фестиваля молодежи и студентов

Մատենագիտական մանրամասներ
Այլ հեղինակներ: Григорьев В. Владимир (составитель)
Լեզու:ռուսերեն
Հրապարակվել է: Москва, Изд-во агентства печати "Новости", 1985
Խորագրեր:
Ձևաչափ: Գիրք
KOHA link:https://koha.lib.tpu.ru/cgi-bin/koha/opac-detail.pl?biblionumber=288600

MARC

LEADER 00000nam0a2200000 4500
001 288600
005 20231102000114.0
035 |a (RuTPU)RU\TPU\book\313079 
090 |a 288600 
100 |a 20150326d1985 m y0rusy50 ca 
101 0 |a rus 
102 |a RU 
105 |a a z 000zy 
200 1 |a Молодежь планеты голосует за мир. К итогам XII Всемирного фестиваля молодежи и студентов  |f сост. В. Григорьев 
210 |a Москва  |c Изд-во агентства печати "Новости"  |d 1985 
215 |a 32 с.  |c ил. 
606 1 |a Международные фестивали молодежи и студентов  |2 stltpush  |3 (RuTPU)RU\TPU\subj\41941  |9 61706 
610 1 |a молодежная политика 
610 1 |a молодое поколение 
610 1 |a международное сотрудничество 
610 1 |a фестивали 
610 1 |a молодежная культура 
610 1 |a молодежные движения 
686 |a Ф75(0)01  |v LBC/SL-A  |2 rubbk 
702 1 |a Григорьев  |b В.  |g Владимир  |4 220 
801 1 |a RU  |b 63413507  |c 20150326 
801 2 |a RU  |b 63413507  |c 20180207  |g RCR 
942 |c BK